Catálogo público

Técnica microhistológica para la determinación de la composición botánica de la dieta de herbívoros (Record no. 100105)

MARC details
000 -CABECERA
campo de control de longitud fija 01252nam a22003257a 4500
003 - IDENTIFICADOR DEL NÚMERO DE CONTROL
campo de control CHAP
005 - FECHA Y HORA DE LA ÚLTIMA TRANSACCIÓN
campo de control 20220329143654.0
008 - DATOS DE LONGITUD FIJA--INFORMACIÓN GENERAL
campo de control de longitud fija 101208s2010 mx a r 00010 spa d
010 ## - NÚMERO DE CONTROL DE LA BIBLIOTECA DEL CONGRESO
Número de control de LC 100105
011 ## - ENLACE DEL NUMERO DE CONTROL DE LA BIBLIOTECA DEL CONGRESO [OBSOLETO]
Número de control de LC 101077
020 ## - NÚMERO INTERNACIONAL ESTÁNDAR DEL LIBRO
Número Internacional Estándar del Libro 9786071201294
035 ## - NÚMERO DE CONTROL DEL SISTEMA
Número de control de sistema 111763
040 ## - FUENTE DE LA CATALOGACIÓN
Centro/agencia transcriptor CHAP
082 14 - NÚMERO DE LA CLASIFICACIÓN DECIMAL DEWEY
Número de clasificación 636.085
Número de documento/Ítem G58
100 00 - ENTRADA PRINCIPAL--NOMBRE DE PERSONA
Nombre de persona González Embarcadero, Antonia.
9 (RLIN) 48874
245 10 - MENCIÓN DE TÍTULO
Título Técnica microhistológica para la determinación de la composición botánica de la dieta de herbívoros
Mención de responsabilidad, etc. /por Antonia González Embarcadero y Ricardo Daniel Améndola Massiotti
260 ## - PUBLICACIÓN, DISTRIBUCIÓN, ETC.
Lugar de publicación, distribución, etc. Chapingo, Méx. :
Nombre del editor, distribuidor, etc. UACH,
Fecha de publicación, distribución, etc. 2010
300 ## - DESCRIPCIÓN FÍSICA
Extensión 121 p. :
Otras características físicas ilus., cuadros
590 ## - NOTA LOCAL (RLIN)
Nota local BATCH-UPD
Procedencia (VM) [OBSOLETO] 10
Condición del los carretes individuales (VM) [OBSOLETO] 20130110
-- UCH01
-- 1215
590 ## - NOTA LOCAL (RLIN)
Nota local BATCH-UPD
Procedencia (VM) [OBSOLETO] 10
Condición del los carretes individuales (VM) [OBSOLETO] 20130410
-- UCH01
-- 0752
590 ## - NOTA LOCAL (RLIN)
Nota local BATCH-UPD
Procedencia (VM) [OBSOLETO] 10
Condición del los carretes individuales (VM) [OBSOLETO] 20130914
-- UCH01
-- 0236
590 ## - NOTA LOCAL (RLIN)
Nota local CONVERSION
Procedencia (VM) [OBSOLETO] 10
Condición del los carretes individuales (VM) [OBSOLETO] 20130109
-- UCH01
-- 1355
650 14 - PUNTO DE ACCESO ADICIONAL DE MATERIA--TÉRMINO DE MATERIA
Término de materia o nombre geográfico como elemento de entrada Alimentos y alimentacion del ganado
Subdivisión general Analisis.
9 (RLIN) 4327
650 14 - PUNTO DE ACCESO ADICIONAL DE MATERIA--TÉRMINO DE MATERIA
Término de materia o nombre geográfico como elemento de entrada Alimentos y alimentación del ganado
Subdivisión general Digestibilidad.
9 (RLIN) 4333
650 14 - PUNTO DE ACCESO ADICIONAL DE MATERIA--TÉRMINO DE MATERIA
Término de materia o nombre geográfico como elemento de entrada Alimentos y alimentación del ganado
Subdivisión general Valor nutritivo.
9 (RLIN) 4347
700 1# - PUNTO DE ACCESO ADICIONAL--NOMBRE DE PERSONA
Nombre de persona Améndola Massiotti, Ricardo D.
9 (RLIN) 5360
901 ## - ELEMENTOS DE DATOS A LOCAL LDA (RLIN)
a BK
942 ## - ELEMENTOS DE PUNTO DE ACCESO ADICIONAL (KOHA)
Tipo de ítem Koha Libro
949 ## - PROCESAMIENTO DE INFORMACIÓN LOCAL (OCLC)
a 636.085 G58
b BC
c UACH
d 33724002225520
e UACH
h 113950
i 111763
s b
Holdings
Estado de retiro Estado de pérdida Estado dañado Restricciones de uso No para préstamo Código de colección Localización permanente Ubicación/localización actual Ubicación en estantería Fecha de adquisición Información codificada de la localización en otra ubicación Número de inventario Total de préstamos Signatura topográfica completa Código de barras Fecha visto por última vez Precio válido a partir de Tipo de ítem Koha Fuente del sistema de clasificación o colocación Número de copia Nota pública
      Préstamo 3 días   Publicaciones UACh Biblioteca Central Biblioteca Central Planta alta - Área de Tesis - UACh 27/07/2016 LIBRO 127   636.085 G58 33724002225520 31/12/2019 31/12/2019 Libro      
      Préstamo 15 días   General Centro Regional San Luis Acatlán Centro Regional San Luis Acatlán   27/07/2016 LIBRO     636.085 G58 02000000353 31/12/2019 27/07/2016 Libro Dewey Decimal Classification c.2  
      Préstamo 15 días   General Centro Regional San Luis Acatlán Centro Regional San Luis Acatlán   31/12/2019 LIBRO     636.085 G58 02000000363 31/12/2019 31/12/2019 Libro Dewey Decimal Classification    
            Zootecnia Zootecnia   17/10/2011 1       z_1279 18/01/2022 18/01/2022 Libro   1 2
            Zootecnia Zootecnia   17/10/2011 1       z_1286 18/01/2022 18/01/2022 Libro   2 2
            Zootecnia Zootecnia   17/10/2011 1       z_1289 18/01/2022 18/01/2022 Libro   3 3
            Zootecnia Zootecnia   17/10/2011 1       z_1312 18/01/2022 18/01/2022 Libro   4 3
            Zootecnia Zootecnia   17/10/2011 1       z_1313 18/01/2022 18/01/2022 Libro   5 3
            Zootecnia Zootecnia   17/10/2011 1       z_1411 18/01/2022 18/01/2022 Libro   6 3